Primi 15 paesi interessati da Covid-19 - 7 giugno - Statistics

Statistiche generali
  • Questo quiz è stato fatto 6 volte
  • Il punteggio medio è 9 su 26
Statistiche sulle risposte
nazione % Corretto
Francia
100%
Germania
100%
Italia
100%
Stati Uniti
100%
Brasile
80%
Russia
80%
Spagna
80%
India
60%
Regno Unito
60%
Iran
40%
Svezia
40%
Turchia
40%
Arabia Saudita
20%
Belgio
20%
Messico
20%
Armenia
0%
Bahrain
0%
Bielorussia
0%
Cile
0%
Cile
0%
Emirati Arabi Uniti
0%
Irlanda
0%
Kuwait
0%
Perù
0%
Qatar
0%
Singapore
0%
Nessun quiz corrispondente trovato
Distribuzione punteggi
Percentuale di utenti per punteggio
Percentile per numero di risposta
I tuoi punteggi nel tempo
Non hai fatto questo quiz